000 00987cam a2200289 4500
008 090401t1997 xxu||||| |||| 00| 0 eng d
020 _a0419217703
035 _a(Sirsi) u81115
041 _aeng
050 _a333.72
100 _aMoss, Keith J.
245 _aEnergy management and operating costs in buildings.
260 _aLondon
_bE & F N Spon
_c1997
300 _aviii,182p. : ill. ; 25cm.
350 _a24.99
520 _aSets out the principles of managing and conserving energy consumption in buildings. Includes chapters on performance indicators, cost bebefit analysis, energy audits and monitoring. Includes worked examples and case studies.
650 _aBlock management
_96220
650 _aDEGREE DAYS
650 _aENERGY AUDITS
650 _aENERGY CONSERVATION
650 _aENERGY CONSUMPTION
650 _aENERGY MANAGEMENT
650 _aHEATING
690 _aBUILDING AND CONSTRUCTION-ENERGY MANAGEMENT
942 _n0
948 _c26/09/1997
999 _c96669
_d96669